Districts of Delhi - Map Quiz - Statistics

General Stats
  • This quiz has been taken 396 times
  • The average score is 7 of 11
Answers on the Map
Answers color-coded by a green-red scale on the quiz's map according to % correct below.
 
Answer Stats
Answer % Correct
North
81%
South
70%
North West
68%
South East
65%
North East
64%
South West
62%
Central
54%
East
54%
West
53%
New Delhi
44%
Shahdara
36%
No matching quizzes found
Score Distribution
Percent of People with Each Score
Percentile by Number Answered
Your Score History
You have not taken this quiz